| 000 | 01341nam1a2200313 i 4500 | ||
|---|---|---|---|
| 001 | RU\NLR\bibl\728937 | ||
| 005 | 20260407074834.0 | ||
| 035 | _a(NLR Aleph) 000718915 | ||
| 090 |
_a690494 _c690494 |
||
| 100 | _a20050224g20049999u y0rusy50 ca | ||
| 101 | 0 | _arus | |
| 102 | _aRU | ||
| 105 | _ay ||||||||| | ||
| 200 | 1 |
_aВестник КФ СЗАГС - 2004 _eсб. ст. _fСев.-Зап. акад. гос. службы, Кар. фил. в г. Петрозаводск |
|
| 210 |
_aПетрозаводск _c[б. и.] _d2004 |
||
| 215 | _d20 | ||
| 463 | 0 | _1001603173 | |
| 463 | 0 | _1001603172 | |
| 606 | 0 |
_aГосударственные служащие _jСборники _xПодготовка _yКарелия, Республика _92318527 _3RU\NLR\auth\661387190 |
|
| 607 |
_aКарелия, Республика _jСборники _xНародное хозяйство _92174164 _3RU\NLR\auth\661307682 |
||
| 686 | _aЧ489.1я43 | ||
| 686 | _aУ03(2Р-6Кар)74я43 | ||
| 710 | 0 | 2 |
_aСеверо-Западная академия государственной службы _bКарельский филиал _cСанкт-Петербург _9576773 _3RU\NLR\AUTH\8810038937 |
| 801 | 0 |
_aRU _bNLR _c20050224 _gPSBO |
|
| 801 | 1 |
_aRU _bNLR _c20050224 |
|
| 852 |
_aNLR _j2005-3/1512 |
||
| 942 | _cBOOK | ||